000 00656nam a2200205Ia 4500
003 GCL
005 20240530105038.0
008 140319s9999 xx 000 0 ara d
040 _aGCL /
_cGCL
082 0 4 _a345.0477
_bم م
100 1 _aمعوض عبدالتواب
245 1 0 _aالمستحدث فى نصوص قانون المخدرات الجديد /
_cمعوض عبدالتواب
260 _a[S.N] :
_bمنشاة المعارف ،
_c1990
300 _a286 ص
490 _aسلسلة الكتب القانونية
_v0
650 0 4 _aالقانون
650 0 4 _aالمخدرات
650 0 4 _aقوانين وتشريعات
942 _2ddc
_cBK
999 _c52730
_d52730